Регионална библиотека "Любен Каравелов" - Русе

Школа за магии (Запис номер 3583)

MARC детайли
000 -Лидер
Контролно поле с фиксирана дължина 01279nam a2200325 c 4500
003 - Код на организацията, давaща контролен номер
Контролно поле BLK
005 - Дата и час на последна редакция
Контролно поле 20250324113140.0
008 - Елементи от данни с фиксирана дължина
fixed length control field 180412b bul|||||r ||||||| ||bul||
010 ## - Наследен системен номер
LC control number KNG00004684000
040 ## - Източник на каталожния запис
Идентификатор на билиотеката - собственик на записа BLK
041 ## - Код за език
Код за езика на текст/звукозапис или на отделно заглавие Български
Код за езика КДБФ Български
080 ## - УДК
Текстов определител УДК Американска литература (на САЩ)
УДК код - определител по УДК 821.111(73)
УДК определител -312.4
УДК - код + определител 821.111(73)-312.4
100 1# - Редна дума - Автор
Автор Демил, Нелсън
Авторска отговорност първи автор
R(LIN) 59765
139 ## - Редно поле
Редна дума Демил, Нелсън
Авторски знак Дем - Д 40
245 10 - Сведения за заглавието
Заглавие Школа за магии
Подзаглавни данни Кримин. роман : Кн. 1 - 2
Редно поле (дума) Нелсън Демил; прев. от англ. Олга Дончева; прев. от англ. Зоя Любенова.
Том Кн. 2
257 ## - Страна на издаване
Страна на създаване/издаване Съединени американски щати
260 ## - Област на издателските данни
-- София
Име на издателя, разпространителя и проч. Матекс
Година на издаване 1994
300 ## - Физическа характеристика
Размери/Мащаб 20 см
380 ## - Жанр
Жанр Худож. лит.
500 ## - Общи забележки
Забележка Ориг. загл. The Charm School / Nelson DeMille
700 1# - Други автори (авторска отговорност)
Лично име Дончева, Олга
Автороска отговорност (Описва отношението между автора и произведението) прев. от англ.
9 (RLIN) 247525
700 1# - Други автори (авторска отговорност)
Лично име Любенова, Зоя
Автороска отговорност (Описва отношението между автора и произведението) прев. от англ.
9 (RLIN) 247526
760 1# - Описание на основната серия
Редна дума на основното описание Демил, Нелсън
Място на издаване, издател и година 1994
Страници - том 315 с.
Заглавие Кн. 2
852 ## - Местоположение
Форматна сигнатура Цб 177885
856 4# - Електронен адрес и достъп
Електронен формат pdf - файл
Път до файла /url/
856 4# - Електронен адрес и достъп
Електронен формат pdf - файл
Път до файла /url/
942 ## - АРТИКУЛИ
Вид на библиотечния материал Книги
Скрит в OPAC Не
Koha issues (borrowed), all copies 10
944 ## - СЪЗДАВАНЕ И РЕДАКЦИЯ на ЗАПИСА
Създаване/Редакция Създаване
Дата на регистрацията/редакция 15.01.2003
Служител, извършил регистрацията/редакцията 30531
Статус, дата на статуса Цветелина Шанова
944 ## - СЪЗДАВАНЕ И РЕДАКЦИЯ на ЗАПИСА
Създаване/Редакция Редакция
Дата на регистрацията/редакция 30.07.2008
Служител, извършил регистрацията/редакцията
999 ## - СИСТЕМНИ КОНТРОЛНИ НОМЕРА
Koha biblionumber 3583
Koha biblioitemnumber 3583
Наличности
Код за отписване Код за изгубен артикул Код за повреда Коз за рестрикции Код за отдаване Артикулен № Име на библиотеката - собственик Име на библиотеката, в която се намира в момента Статус (Текущо местоположение) Дата на вписване в системата Местоположение - отдел Цена в лева Инвентарен номер Систематично азбучна сигнатура Баркод Номер на екземпляра Цена в евро Служебна бележка Служебен тип на артикула Източник на класификационната схема
  Не е изгубен Не е повреден без рестрикции ползва се в читалня 6431 Регионална библиотека "Любен Каравелов" Русе Регионална библиотека "Любен Каравелов" Русе Хранилище 1994-01-01 Хранилище 1.10 607905 Цб 177885 607905 1 0.56 Дост: Dp Вид: Д N: стар фонд Дата: 01.01.1994 Книги  
  Не е изгубен Не е повреден   заемане за дома 934747 Регионална библиотека "Любен Каравелов" Русе Регионална библиотека "Любен Каравелов" Русе Заемна - подръчен фонд 2023-10-23 Заемна - подръчен фонд 5.50 120000893911 821-31/Д 40 Н 120000893911   2.81   Книги Universal Decimal Classification
Vip Innovations Ltd, Rousse, Bulgaria 2025